| 000 | 00704nam 22002413 4500 | ||
|---|---|---|---|
| 001 | 193071 | ||
| 010 | _a972-23-2835-2 | ||
| 021 |
_aPT _b173 806/01 |
||
| 090 | _a193071 | ||
| 100 | _a20241202d u||y0pory50 ba | ||
| 101 | _apor | ||
| 200 |
_aOs Mutantes _fKate Thompson _gTradução de Maria Georgina Segurado |
||
| 205 | _a1ª | ||
| 210 |
_aBarcarena _cEditorial Presença _d2002 |
||
| 215 |
_a159, [1] p. _cBrochado _d21 cm |
||
| 225 |
_aEstrela do Mar _v32 |
||
| 300 | _aContos | ||
| 606 |
_91143 _aLiteratura Irlandesa |
||
| 675 |
_a821.111(417)-34/THO/MUT _vPT _zpor |
||
| 700 |
_99631 _aThompson _bKate _f1956- |
||
| 801 |
_aPT _bBMMN _gRPC |
||
| 830 |
_cCarlos Pinto _d02-12-2024 _fCarlos Pinto |
||
| 990 | _cLIVROS | ||